World Records - Things that are the Largest - Statistics

General Stats
  • This quiz has been taken 34 times
    30 since last reset
  • The average score is 14 of 30
Answer Stats
Hint Answer % Correct
Longest River Nile
96%
Largest Continent Asia
92%
Largest Desert Sahara
92%
Highest Mountain Range Himalayas
88%
Biggest Planet Jupiter
88%
Biggest Country by Area Russia
88%
Highest Mountain Peak Mount Everest
85%
Biggest Ocean Pacific Ocean
85%
Largest Island Greenland
81%
Tallest Animal Giraffe
73%
Longest Mountain Range Andes
69%
Longest Wall Great Wall of China
69%
Largest city in population Tokyo
69%
Highest Waterfall Angel Falls
62%
Tallest Building Burj Khalifa
58%
Largest Sea Bird Albatross
42%
Highest Lake Lake Titicaca
42%
Longest Railway Trans–Siberian Railway
27%
Largest Library Library of Congress
23%
Largest Peninsula Arabian Peninsula
19%
Largest Delta Ganges Delta
15%
Largest Dam Three Gorges Dam
15%
Longest Tributary The Irtysh
12%
Largest Solar Plant Bhadla Solar Park
4%
Tallest Monument Gateway Arch
4%
Longest Railway Platform Gorakhpur
4%
Longest River Dam Hirakud Dam
4%
Longest Road Tunnel Laedal Tunnel
4%
Longest Ship Canal St. Lawrence Seaway
4%
Highest Railway Station Tanggula
4%
No matching quizzes found
Score Distribution
Percent of People with Each Score
Percentile by Number Answered
Your Score History
You have not taken this quiz since the last reset